00415 2200157 4500245003900000020002200039250001100061700001500072100002100087650002100108005001900129260007600148041001400224084001000238336000900248 aNanti SajacFransisca EmiliahText a978-602-244-941-6 aCet. 1 aAde Cintia aFransisca Emilia aCerita Bergambar a20240902105225 aJakartabKementerian Pendidikan, Kebudayaan, Riset, dan Teknologic2022 aIndonesia a741.5 atext